Stručné dějiny okresního města Moravského Berouna = Kurze Geschichte der Kreisstadt Bärn /

Hlavní autor: Theimer, Johann, 1884-1966
Další autoři: Martinek, Branislav, 1971-
Jazyk: Němčina
Čeština
Vydáno: Moravský Beroun : Město Moravský Beroun, 2009
Témata:
Fyzický popis: vi, 31 s. : portréty ; 21 cm
Language note: Část. souběžný německý text
Knihy
Uloženo v:
LEADER 01691nam a2200433 a 4500
001 nkc20091991304
003 CZ PrNK
005 20091113163614.0
007 ta
008 090826s2009 xr c e 000 0 cze
015 |a cnb001991304 
020 |a 978-80-254-5320-9  |q (brož.) 
035 |a (OCoLC)465276605 
040 |a OLA001  |b cze  |d ABA001 
041 1 |a cze  |a ger  |h ger 
043 |a e-xr---  |b e-xr-ol  |2 czenas 
072 7 |a 94(437)  |x Dějiny Česka a Slovenska  |2 Konspekt  |9 8 
080 |a 94(437.325)  |2 MRF 
080 |a (048.8)  |2 MRF 
100 1 |a Theimer, Johann,  |d 1884-1966  |7 mzk2009535324  |4 aut 
245 1 0 |a Stručné dějiny okresního města Moravského Berouna =  |b Kurze Geschichte der Kreisstadt Bärn /  |c Johann Theimer ; [předmluva a překlad Branislav Martinek] 
246 3 1 |a Kurze Geschichte der Kreisstadt Bärn 
260 |a Moravský Beroun :  |b Město Moravský Beroun,  |c 2009 
300 |a vi, 31 s. :  |b portréty ;  |c 21 cm 
500 |a Část. přeloženo z němčiny 
500 |a Vydáno v rámci projektu "Leonardův Moravský Beroun" 
500 |a Na s. 1-16 reprint německého, švabachem tištěného originálu 
500 |a 1000 výt. 
546 |a Část. souběžný německý text 
651 7 |a Moravský Beroun (Česko)  |7 ge130093  |x dějiny  |2 czenas 
651 9 |a Moravský Beroun (Czechia)  |x history  |2 eczenas 
655 7 |a přehledy  |7 fd133202  |2 czenas 
655 9 |a surveys  |2 eczenas 
700 1 |a Martinek, Branislav,  |d 1971-  |7 mzk2006331565  |4 wfw  |4 trl 
910 2 |a BOA001  |b 2-1226.727 
990 |a BK 
995 |a 01 
991 |b 200911  |c NOV 
996 6 |b 2610393929  |c 2-1226.727  |l MZK  |r Sklad / do 1 hodiny  |n 2  |p p.v.  |w 000966355  |u 000010  |a 1  |e BOA001  |j MZK50  |s P